Biodiversidad para la paz: (Registro nro. 18936)

Detalles MARC
000 -CABECERA
Campo de control 00907nam a22002297a 4500
005 - FECHA Y HORA DE LA ULTIMA TRANSACCION
Campo de control 20200104041749.0
008 - ELEMENTOS DE LONGITUD FIJA—INFORMACION GENERAL
Campo de control 130704b ck ||||| |||| 00| 0 spa d
040 ## - FUENTE DE CATALOGACIÓN
Agencia catalogadora original CO-BoIAVH
Agencia transcriptora CO-BoIAVH
041 ## - IDIOMA
Código de idioma para texto/pista de sonido o título separado Español
044 ## - PAÍS DE PUBLICACIÓN
País de publicación Colombia
082 16 - NUMERO DE CLASIFICACION DECIMAL DEWEY
Número de clasificación 570.861
Número del ítem H919b2
110 1# - ASIENTO PRINCIPAL--NOMBRE CORPORATIVO
Nombre corporativo o de jurisdicción como elemento de entrada Instituto de Investigación de Recursos Biológicos Alexander von Humboldt
9 (RLIN) 204
245 10 - MENCION DE TITULO
Título Biodiversidad para la paz:
Parte restante del título Plan Institucional Cuatrienal de Investigación Ambiental PICIA 2015-2018
Mención de responsabilidad editado por Rafael Gómez Rodríguez y Ricardo Carrillo Carrillo
260 ## - PUBLICACION, DISTRIBUCION, ETC. (PIE DE IMPRENTA)
Lugar de publicación, distribución, etc. Bogotá, Colombia:
Nombre del editor, distribuidor, etc. Instituto Humboldt,
Fecha de publicación, distribución, etc. 2015.
300 ## - DESCRIPCION FISICA
Extensión 84 páginas.
Dimensiones 21 centímetros.
650 1# - ASIENTO SECUNDARIO DE MATERIA - TERMINO TEMATICO
Término temático o nombre geográfico como elemento de entrada Política Ambiental
Subdivisión general Colombia
9 (RLIN) 73675
650 1# - ASIENTO SECUNDARIO DE MATERIA - TERMINO TEMATICO
Término temático o nombre geográfico como elemento de entrada Planes de gestión
9 (RLIN) 73676
650 ## - ASIENTO SECUNDARIO DE MATERIA - TERMINO TEMATICO
Término temático o nombre geográfico como elemento de entrada Biodiversidad
9 (RLIN) 92204
700 1# - ASIENTO SECUNDARIO - NOMBRE PERSONAL
Nombre personal Carrillo Carrillo, Ricardo
Término de relación edición
9 (RLIN) 73678
700 1# - ASIENTO SECUNDARIO - NOMBRE PERSONAL
Nombre personal Gómez Rodríguez, Rafael
9 (RLIN) 73679
942 ## - ELEMENTOS ADICIONALES (KOHA)
Sistema de clasificación Dewey Decimal Classification
Tipo de ítem Libro
Koha issues (borrowed), all copies 6
Existencias
Withdrawn status Lost status Sistema de Clasificación Damaged status No para préstamo Colección Inventariado Ubicación Permanente Ubicación actual Fecha de adquisición Fuente de Valor Valor Total Checkouts Número topográfico Inventario / Código de Barras Date last seen Date checked out Ejemplar Price effective from Forma de adquisición Tipo de material
    Dewey Decimal Classification     Humboldt Inventariado 2017 Bogotá Bogotá 29/07/2016 Instituto 30000.00 2 IAVH-570.861 H919b2 039758 03/03/2017 03/03/2017 Ej. 1 29/07/2016 Institucional Libro
    Dewey Decimal Classification     Humboldt Inventariado 2017 Sala Fabio Quevedo Sala Fabio Quevedo 19/12/2016 Instituto 30000.00   IAVH-570.861 H919b2 040886 19/12/2016   Ej. 2 19/12/2016 Donación Libro
    Dewey Decimal Classification     Humboldt Inventariado 2017 Villa de Leyva Villa de Leyva 30/08/2017 Instituto 30000.00   IAVH-570.861 H919b2 042824 30/08/2017   Ej. 3 30/08/2017 Institucional Libro